Normal view
MARC view
Entry Personal Name
001 - CONTROL NUMBER
- control field: 6894
003 - CONTROL NUMBER IDENTIFIER
- control field: BD-RjUL
005 - DATE AND TIME OF LATEST TRANSACTION
- control field: 20230208101629.0
008 - FIXED-LENGTH DATA ELEMENTS
- fixed length control field: 230208|| aca||aabn | a|a d
040 ## - CATALOGING SOURCE
- Original cataloging agency: BD-RjUL
- Transcribing agency: BD-RjUL
100 ## - HEADING--PERSONAL NAME
- Personal name: Muhammad Nasiruddin
- Dates associated with a name: (1914-1999 AD)
670 ## - SOURCE DATA FOUND
- Source citation: Work cat.: (BD-RjUL)81189: নাজীব, আহমদ আব্দুল্লাহ 6892, হাদীছের বিশুদ্ধতা নিরুপণে মুহাম্মাদ নাছিরুদ্দীন আলবানী (রহঃ)-এর অবদান :, ২০১৯